01861pam a2200409 i 4500001000400000003000600004005001700010008004100027020001800068040002900086042000900115050001400124051001400138082001000152100002100162245007600183250004500259260003500304300004100339505000600380520011300386521002000499521001800519650003600537650003000573655003900603700003300642856008500675856010400760906004500864942001500909999001300924952012600937952013501063952012701198952012601325582FISKH20231005080224.0770217s1977 nyua j 000 1 eng  a9780439148061 aFISKHcFISKHdFISKHbeng alcac00aPZ7.C5792 aPZ7.C579200a[Fic]1 aCleary, Beverly.10aRamona and her father /cBeverly Cleary ; illustrated by Alan Tiegreen. aFirst Scholastic printing, October 1998. aNew York :bScholastic.c1998. a186 pages :billustrations ;c21 cm. aO aThe family routine is upset during Ramona's year in second grade when her father unexpectedly loses his job.8 a840 bRaz-Plus8 aO bRaz-Plus 1aFathers and daughtersxFiction. 1aFamily problemsxFiction. 7aJuvenile literaturey1977.2rbgenr1 aTiegreen, Alan.eIllustrator423Publisher descriptionuhttp://www.loc.gov/catdir/description/hc043/77001614.html423Contributor biographical informationuhttp://www.loc.gov/catdir/enhancements/fy1101/77001614-b.html a7bcbccorignewd1eocipf19gy-gencatlg 2ddccBKn0 c582d582 00102ddc40708JUVFa001b001cTKSFd2023-06-19l0oCLE Fic PZ7.C57pFISTK00509r2023-06-19 10:07:05t1w2023-06-19yBK 00102ddc40708JUVFa001b001cSNSd2023-06-19l1oCLE Fic PZ7.C57pFIS00415r2024-03-04 11:08:44s2024-01-08t2w2023-06-19yBK 00102ddc40708JUVFa001b001cATKSFd2023-06-19l0oCLE Fic PZ7.C57pFISTK00502r2023-10-05 08:02:20t3w2023-06-19yBK 00102ddc40708JUVFa001b001cTKSFd2023-06-19l0oCLE Fic PZ7.C57pFISTK00504r2024-04-26 08:24:57t4w2023-06-19yBK